| 000 | 00518nam a22001697a 4500 | ||
|---|---|---|---|
| 003 | OSt | ||
| 005 | 20221031152242.0 | ||
| 008 | 221031b |||||||| |||| 00| 0 eng d | ||
| 020 | _a1 875632 66 2 | ||
| 040 | _cBiblioteca Lado V | ||
| 082 |
_2708 _aK37p |
||
| 100 |
_9257 _aKent, Rachel _ecuradora |
||
| 245 |
_aPrimavera 1999/ _bThe belinda exhibition of young artists/ |
||
| 260 |
_aSidney _bMuseo de Arte Contemporaneo, Sydney _c1999 |
||
| 300 |
_a31p. _c21x25cm |
||
| 942 |
_2ddc _c1 _h708 _iK37p _n0 |
||
| 999 |
_c2427 _d2427 |
||